New patterns of management
Gardado en:
| Autor Principal: | |
|---|---|
| Formato: | Libro |
| Idioma: | Undetermined |
| Publicado: |
Tokyo
McGraw-Hill Kogakusha, LTD.
1961
|
| Những chủ đề: | |
| Các nhãn: |
Engadir etiqueta
Sen Etiquetas, Sexa o primeiro en etiquetar este rexistro!
|
| Thư viện lưu trữ: | Trung tâm Học liệu Trường Đại học Cần Thơ |
|---|
| LEADER | 00480nam a2200181Ia 4500 | ||
|---|---|---|---|
| 001 | CTU_86243 | ||
| 008 | 210402s9999 xx 000 0 und d | ||
| 082 | |a 658.018 | ||
| 082 | |b L693 | ||
| 100 | |a Likert, Rensis | ||
| 245 | 0 | |a New patterns of management | |
| 245 | 0 | |c Rensis Likert | |
| 260 | |a Tokyo | ||
| 260 | |b McGraw-Hill Kogakusha, LTD. | ||
| 260 | |c 1961 | ||
| 650 | |a Industrial management | ||
| 904 | |i Năm | ||
| 980 | |a Trung tâm Học liệu Trường Đại học Cần Thơ | ||